000 01852nam a2200313 4500
999 _c17982
_d17982
008 230307b ||||| |||| 00| 0 eng d
050 _aRC523.2
_b.A49 2017
082 _22017
_aDVD 616.8311
_bAr51
245 _aAlzheimer's :
_bevery minute counts
260 _a[Arlington, Virginia] :
_bPBS Distribution,
_c©2017.
300 _a1 videodisc (56 min.) :
_bsound, color ;
_c4 3/4 in
306 _aApproximately 60 minutes
500 _aDVD; NTSC, region 1; stereo English or Spanish audio with optional subtitles in English or Spanish; closed-captioned "Subtitles are a function of the disc and serve the same purpose as closed-captions"--Container
505 _aEpic disease -- Reaching out for help -- Financial sinkhole -- Genetic mutation -- Medicaid concerns -- Rural issures -- Research funding -- Keep on fighting
520 _aExamines the national public health threat posed by Alzheimer's disease, which erodes memory, thinking, and physical ability. Experts present evidence that unless a cure is found soon, the disease will have serious impact on the U.S. economy, bankrupting Medicare and Medicaid as well as millions of Americans
650 _2Alzheimer's disease
650 _2Alzheimer's disease -- Economic aspects -- United States
650 _2Public health -- United States
700 _aRichman, Gerald,
_efilm producer
_947990
700 _aQuade, Doug,
_eeditor of moving image work
_947991
700 _aMcCoy, Ben,
_ecinematographer
_947992
700 _aAnces, Beau,
_ecommentator
_947993
700 _aTanzi, Rudolph E.,
_ecommentator
_947994
700 _aBaumgart, Matthew, commentator
_ecommentator
_947995
700 _aBartels, Stephen J.,
_ecommentator
_947996
700 _aMarkey, Edward J.,
_ecommentator
_947997
700 _aLow, John E.,
_ecomposer (expression)
_947998
942 _2ddc
_cAV-DVD